000 01253namaa2200313 i 4500
003 EG-GICUC
005 20260223122237.0
008 260223s1988 ua ||||jr|||| 000 0 ara d
017 _a87 / 8960
_bدار الكتب والوثائق القومية (مصر)
020 _a9771033905
040 _aEG-GiCUC
_bara
_cEG-GiCUC
_dEG-GiCUC
_erda
082 0 4 _221
_a414
_bS2714
092 0 4 _221
_a414
_bS2714
099 _a414 S2714
100 1 _aالصاوى، أحمد عبد السيد
_eمؤلف.
245 1 0 _aمفهوم الاستعارة فى بحوث اللغويين والنقاد والبلاغيين :
_bدراسة تاريخية فنية /
_cدكتور أحمد عبد السيد الصاوى
264 _aالاسكندرية (مصر) :
_bمنشأة المعارف،
_c1988
300 _a200 صفحة ؛
_c24 سم
336 _2rdacontent
_atext
337 _2rdamedia
_aUnmediated
338 _2rdacarrier
_avolume
490 0 _aكتب الأدب والنقد
504 _aيشتمل على ارجاعات ببليوجرافية
541 _aد. / جابر عصفور ؛
_bالقاهرة ؛
_cإهداء ؛
_d2024.
650 1 7 _aالبلاغة العربية
_2qrmak
651 1 _2qrmak
905 _aAmira
942 _2ddc
_cBK
_e21
_n0
999 _c178671
_d178671